书目信息 |
| 题名: |
遗传咨询
|
|
| 作者: | 刘权章 主编 | |
| 分册: | ||
| 出版信息: | 哈尔滨 黑龙江科学技术出版社 1999 |
|
| 页数: | 253页 | |
| 开本: | 26cm | |
| 丛书名: | ||
| 单 册: | ||
| 中图分类: | R394 , R596 | |
| 科图分类: | ||
| 主题词: | 遗传咨询--研究 , 遗传咨询 , 遗传病--防治 , 遗传病 | |
| 电子资源: | ||
| ISBN: | 7-5388-3501-6 | |
| 000 | 00773nam0 2200265 450 | |
| 001 | 1574596944 | |
| 005 | 20150130204337.31 | |
| 010 | @a7-5388-3501-6@b精装@dCNY98.00 | |
| 100 | @a19990712d1999 kemy0chiy0110 ea | |
| 101 | 0 | @achi |
| 102 | @aCN@b230000 | |
| 105 | @acf z 001yy | |
| 200 | 1 | @a遗传咨询@9yi chuan zi xun@e遗传病防治的关键问题@f刘权章主编 |
| 210 | @a哈尔滨@c黑龙江科学技术出版社@d1999 | |
| 215 | @a253页@c肖像及彩图@d26cm | |
| 517 | 1 | @a遗传病防治的关键问题@9yi chuan bing fang zhi de guan jian wen ti |
| 606 | 0 | @a遗传咨询@x研究 |
| 606 | 0 | @a遗传咨询 |
| 606 | 0 | @a遗传病@x防治 |
| 606 | 0 | @a遗传病 |
| 690 | @aR394@v5 | |
| 690 | @aR596@v5 | |
| 701 | 0 | @a刘权章@9liu quan zhang@4主编 |
| 801 | 0 | @aCN@bTSSF@c20150130 |
| 905 | @aZUCC@dR394@eJY213 | |
| 遗传咨询:遗传病防治的关键问题/刘权章主编.-哈尔滨:黑龙江科学技术出版社,1999 |
| 253页:肖像及彩图;26cm |
| ISBN 7-5388-3501-6(精装):CNY98.00 |
| ● |
| 相关链接 |
|
|
|
|
正题名:遗传咨询
索取号:R394/JY213
 
预约/预借
| 序号 | 登录号 | 条形码 | 馆藏地/架位号 | 状态 | 备注 |
| 1 | 7863475 | 278634756 | 学院路分馆/ [索取号:R394/JY213] | 在馆 |